00689nam a2200181 i 4500003000400000005001700004008004100021020001500062040002100077050001900098245005000117260010100167300003300268500008300301504005100384650004600435700002600481OSt20210818080634.0790917s1979 flua b 101 0 eng  a0815104537 cALUPE UNIVERSITY00aRD96b.P4 197900aPediatric burns /cedited by Wm. Carl Bailey. aMiami :bSymposia Specialists ;aChicago :bdistributed by Year Book Medical Publishers,cc1979. axi, 151 p. :bill. ;c24 cm. a"From the fourth annual meeting of the Children's Hospital, Denver, Colorado." aIncludes bibliographical references and index. 0aBurns and scalds in childrenxCongresses.1 aBailey, William Carl.